Missing Word: Movies, Books & Music (W) Quiz Stats

 Plays Quiz Updated Jul 18, 2018

Challenge
Share
Tweet
Embed
Score 0/21 Timer 02:00
1 Play Today
% Correct
Why
97.5%
Web
96.4%
Want
94%
Wrath
93.5%
White
93%
Whom
90.9%
Worlds
89.3%
Wonderful
89.1%
Wish
88.2%
Whisperer
84.1%
Wolfgang
84.1%
% Correct
Willows
80.3%
Welcome
79.7%
Woman
76.9%
Werewolf
76.1%
Witness
71.6%
War
69.3%
Walrus
64.7%
Wherever
54.3%
Wayne's
52.4%
Windmills
26.4%

Today's Daily Dose

Missing Word
'F' Pairs

Word Ladder
Mixed Synonyms

On This Day
August 15th II

You're not logged in!

Compare scores with friends on all Sporcle quizzes.
Join for Free
OR
Log In

You Might Also Like...

Show Comments

Extras

Top Quizzes Today


Score Distribution

Your Account Isn't Verified!

In order to create a playlist on Sporcle, you need to verify the email address you used during registration. Go to your Sporcle Settings to finish the process.

Report this User

Report this user for behavior that violates our Community Guidelines.

Details: